ANIMAL DIVERSITY (Record no. 216214)

MARC details
000 -LEADER
fixed length control field 00511nam a22001937a 4500
008 - FIXED-LENGTH DATA ELEMENTS--GENERAL INFORMATION
fixed length control field 251119b |||||||| |||| 00| 0 eng d
020 ## - INTERNATIONAL STANDARD BOOK NUMBER
International Standard Book Number 978-1-260-08427-6
050 ## - LIBRARY OF CONGRESS CALL NUMBER
Classification number QL 47.A55 2018
Item number C.1
100 ## - MAIN ENTRY--PERSONAL NAME
Personal name HICKMAN CLEVELAND
245 ## - TITLE STATEMENT
Title ANIMAL DIVERSITY
250 ## - EDITION STATEMENT
Edition statement EIGHTH EDITION
260 ## - PUBLICATION, DISTRIBUTION, ETC.
Place of publication, distribution, etc. NEWYORK
Name of publisher, distributor, etc. McGraw Hill,
Date of publication, distribution, etc. 2018
300 ## - PHYSICAL DESCRIPTION
Extent 111-495P.
500 ## - GENERAL NOTE
General note IT HAS BIBLIOGRAPHIC DATA
650 ## - SUBJECT ADDED ENTRY
Topical term or geographic name entry element Animal diversity
700 ## - ADDED ENTRY--PERSONAL NAME
Personal name HICKMAN CLEVELAND
942 ## - ADDED ENTRY ELEMENTS (KOHA)
Source of classification or shelving scheme Library of Congress Classification
Koha item type Long Loan Book
Holdings
Withdrawn status Lost status Damaged status Not for loan Collection Home library Current library Shelving location Date acquired Inventory number Total checkouts Full call number Barcode Date last seen Copy number Price effective from Koha item type Source of classification or shelving scheme Date last checked out
        Science & Technology Kisii University Library Kisii University Library On Display 11/19/2025 109838   QL 47 ,A55 2018 000000001289 11/19/2025 C.1 11/19/2025 Long Loan Book    
        Science & Technology Kisii University Library Kisii University Library On Display 11/19/2025 109840   QL 47 ,A55 2018 000000001293 11/19/2025 C.2 11/19/2025 Long Loan Book Dewey Decimal Classification  
        Science & Technology Kisii University Library Kisii University Library On Display 11/19/2025 109840 2 QL 47 ,A55 2018 000000001291 01/06/2026 C.3 11/19/2025 Long Loan Book Dewey Decimal Classification 12/16/2025
        Science & Technology Kisii University Library Kisii University Library On Display 11/19/2025 109842   QL 47 ,A55 2018 000000022614 11/19/2025 C.4 11/19/2025 Long Loan Book Library of Congress Classification